| 000 | 00674nam a22002057a 4500 | ||
|---|---|---|---|
| 005 | 20240315151750.0 | ||
| 010 | _aENG-139720 | ||
| 020 |
_c217.00 _a9788192802206 |
||
| 035 | _aEN-123252 | ||
| 037 | _bDBAD/PUB | ||
| 082 |
_a574 _21 |
||
| 100 |
_aNagamani.P _963436 |
||
| 245 |
_aBiology/ _cSmt. P. Nagamani _hEnglish |
||
| 250 | _a1 | ||
| 260 |
_aS.R. Nagar _bSpectrum School Books _c2018 |
||
| 270 |
_a#326/C,Level-4,Surneni Nilayam ,Near B.K. Guda Park _bHyderabad _e500 038 _k+91 4023710657 _k+91 238000657 _mspectrumallinone.in@gmail.com |
||
| 300 |
_a10.478 _c28cm(pbk) |
||
| 700 |
_aSmt.P. Nagamani _960069 |
||
| 942 |
_2ddc _cEN _h574 _mNAG _e1 |
||
| 999 |
_c201532 _d201532 |
||